<?xml version="1.0" encoding="UTF-8"?>
<collection xmlns="http://www.loc.gov/MARC21/slim">
 <record>
  <leader>06791nam a2200505 a 4500</leader>
  <controlfield tag="001">kal304</controlfield>
  <controlfield tag="003">Gr-AtHEAL</controlfield>
  <controlfield tag="005">20160421115759.0</controlfield>
  <controlfield tag="006">m        d        </controlfield>
  <controlfield tag="008">160413s2015    gr      s           gre|c</controlfield>
  <datafield tag="020" ind1=" " ind2=" ">
   <subfield code="a">9789606030550</subfield>
  </datafield>
  <datafield tag="040" ind1=" " ind2=" ">
   <subfield code="a">GR-AtHEAL</subfield>
   <subfield code="b">gre</subfield>
   <subfield code="c">GR-AtHEAL</subfield>
  </datafield>
  <datafield tag="082" ind1="0" ind2="4">
   <subfield code="a">618.92</subfield>
   <subfield code="2">23</subfield>
  </datafield>
  <datafield tag="100" ind1="1" ind2=" ">
   <subfield code="a">Γερμανάκης, Ιωάννης.</subfield>
   <subfield code="8">106</subfield>
  </datafield>
  <datafield tag="245" ind1="1" ind2="0">
   <subfield code="a">Εισαγωγή στην παιδοκαρδιολογία</subfield>
   <subfield code="h">[Ηλεκτρονικός πόρος] </subfield>
   <subfield code="b">Βασικές αρχές εμβρυϊκής και παιδιατρικής καρδιολογίας</subfield>
   <subfield code="c">Γερμανάκης, Ιωάννης ;  κ.α. ;  Κριτικός αναγνώστης, Βαρλάμης, Γεώργιος ; Γραφιστική επιμέλεια, Μεταλληνός, Παναγιώτης ; Τεχνική επιμέλεια, Βασιλειάδη, Μαρίνα Άννα ;  Γλωσσική επιμέλεια, Καρέλλη, Ιωάννα ; .</subfield>
  </datafield>
  <datafield tag="260" ind1=" " ind2=" ">
   <subfield code="a">Αθήνα :</subfield>
   <subfield code="b">Σύνδεσμος Ελληνικών Ακαδημαϊκών Βιβλιοθηκών,</subfield>
   <subfield code="c">c2015.</subfield>
  </datafield>
  <datafield tag="490" ind1=" " ind2=" ">
   <subfield code="a">Ακαδημαϊκά Ηλεκτρονικά Συγγράμματα και Βοηθήματα Κάλλιπος</subfield>
   <subfield code="8">40</subfield>
  </datafield>
  <datafield tag="520" ind1=" " ind2=" ">
   <subfield code="a">Εισαγωγικό σύγγραμα στην Παιδιατρική Καρδιολογία, από την εμβρυική ζωή ως την εφηβεία.Διάγνωση, πρόγνωση, θεραπεία των συγγενών και επίκτητων καρδιοπαθειών της παιδικής ηλικίας, με ιδιαίτερη έμφαση την απόκτηση βασικών κλινικών δεξιοτήτων (επάρκεια στην καρδιακή ακρόαση, στην αξιολόγηση του παιδικού ηλεκτροκαρδιογραφήματος, σωστή αναγνώριση και παραπομπή παιδιών με υποψία καρδιοπάθειας) των μελλοντικών ιατρών που θα συμβάλλουν στην έγκαιρη διάγνωση και σωστό χειρισμό των καρδιοπαθών παιδιών, αλλά και στην έγκαιρη προγεννητική διάγνωση και συμβουλευτική. Στόχος η παροχή βασικών εισαγωγικών γνώσεων Παιδιατρικής Καρδιολογίας τόσο για τους φοιτητές που παρακολουθούν το ειδικό γνωστικό αντικείμενο στο πρόγραμμα των προπτυχιακών σπουδών, όσο και απαραίτητο ως συμπλήρωμα στο προπτυχιακό μάθημα Παιδιατρικής αλλά και Καρδιολογίας. Παράλληλα το περιεχόμενό του είναι συμπληρωματικό ως πηγή πληροφόρησης στο γνωστικό αντικείμενο της Μαιευτικής και Γενετικής (προγεννητική καρδιολογία, συγγενείς ανωμαλίες διάπλασης), αλλά και Αθλητιατρικής και Φυσικής Αγωγής (οδηγίες καρδιολογικού ελέγχου παιδιών που αθλούνται). Ως ηλεκτρονικό σύγγραμμα ελεύθερης πρόσβασης έχει ιδιαίτερη χρησιμότητα αντίστοιχα σε ένα ευρύ φάσμα επαγγελματιών υγείας (παιδίατροι, καρδιολόγοι, μαιευτήρες, γενετιστές κτλ) αλλά και εκπαιδευτικών (πχ καθηγητές φυσικής αγωγής)Μορφή-περιεχόμενο. Το ηλεκτρονικό βιβλίο θα κάνει την ευρύτερη δυνατή χρήση των πλεονεκτημάτων ενός e-book, δηλαδή εκτενή χρήση συνοδών αρχείων πολυμέσων (αρχείων βίντεο υπερηχοκαρδιογραφημάτων, αρχείων ήχου ψηφιακών ηχογραφήσεων), παραπομπών σε έγκυρες πηγές πρόσθετης βιβλιογραφίας, αλλά και παρουσιάσεων (power point presentation) από τα μαθήματα του κυρίως συγγραφέα και των συν-συγγραφέων. Καθώς ο κύριος συγγραφέας έχει μακρόχρονη εμπειρία στην χρήση πολυμέσων στην εκπαίδευση ενώ οι συν-συγγραφείς αποτελούν το σύνολο των ακαδημαϊκών διδασκάλων του γνωστικού αντικειμένου στη χώρα μας, φιλοδοξούμε στην συγγραφή ενός υποδειγματικού e book.</subfield>
  </datafield>
  <datafield tag="650" ind1=" " ind2="0">
   <subfield code="a">Pediatric cardiology</subfield>
   <subfield code="x">Examinations, questions, etc</subfield>
   <subfield code="8">2026</subfield>
  </datafield>
  <datafield tag="650" ind1=" " ind2="0">
   <subfield code="a">Heart diseases</subfield>
   <subfield code="x">In infancy and childhood</subfield>
   <subfield code="8">2027</subfield>
  </datafield>
  <datafield tag="653" ind1=" " ind2=" ">
   <subfield code="a">Ηλεκτροκαδριογράφημα</subfield>
  </datafield>
  <datafield tag="653" ind1=" " ind2=" ">
   <subfield code="a">Καρδιακή ακρόαση</subfield>
  </datafield>
  <datafield tag="653" ind1=" " ind2=" ">
   <subfield code="a">Υπερηχογραφία</subfield>
  </datafield>
  <datafield tag="653" ind1=" " ind2=" ">
   <subfield code="a">Κλινική εξέταση</subfield>
  </datafield>
  <datafield tag="653" ind1=" " ind2=" ">
   <subfield code="a">Πρόγνωση</subfield>
  </datafield>
  <datafield tag="653" ind1=" " ind2=" ">
   <subfield code="a">Θεραπεία</subfield>
  </datafield>
  <datafield tag="653" ind1=" " ind2=" ">
   <subfield code="a">Διάγνωση</subfield>
  </datafield>
  <datafield tag="653" ind1=" " ind2=" ">
   <subfield code="a">Επίκτητες καρδιοπάθειες παιδικής ηλικίας</subfield>
  </datafield>
  <datafield tag="653" ind1=" " ind2=" ">
   <subfield code="a">Συγγενείς καρδιοπάθειες</subfield>
  </datafield>
  <datafield tag="653" ind1=" " ind2=" ">
   <subfield code="a">Καρδιολογία</subfield>
  </datafield>
  <datafield tag="653" ind1=" " ind2=" ">
   <subfield code="a">Παιδιατρική</subfield>
  </datafield>
  <datafield tag="653" ind1=" " ind2=" ">
   <subfield code="a">Παιδοκαρδιολογία</subfield>
  </datafield>
  <datafield tag="653" ind1=" " ind2=" ">
   <subfield code="a">Επιστήμες υγείας</subfield>
   <subfield code="a">Ασθένειες</subfield>
   <subfield code="a">Καρδιαγγειακές παθήσεις</subfield>
  </datafield>
  <datafield tag="653" ind1=" " ind2=" ">
   <subfield code="a">Επιστήμες υγείας</subfield>
   <subfield code="a">Ιατρική</subfield>
   <subfield code="a">Εσωτερική ιατρική</subfield>
   <subfield code="a">Καρδιολογία</subfield>
  </datafield>
  <datafield tag="653" ind1=" " ind2=" ">
   <subfield code="a">Επιστήμες υγείας</subfield>
   <subfield code="a">Ιατρική</subfield>
   <subfield code="a">Παθολογία</subfield>
  </datafield>
  <datafield tag="653" ind1=" " ind2=" ">
   <subfield code="a">Επιστήμες υγείας</subfield>
   <subfield code="a">Ιατρική</subfield>
   <subfield code="a">Παιδιατρική</subfield>
  </datafield>
  <datafield tag="700" ind1="1" ind2=" ">
   <subfield code="a">Παπαδοπούλου-Λεγμπέλου, Κυριακή,</subfield>
   <subfield code="e">συγγραφέας</subfield>
   <subfield code="8">112</subfield>
  </datafield>
  <datafield tag="700" ind1="1" ind2=" ">
   <subfield code="a">Γιαννόπουλος, Ανδρέας,</subfield>
   <subfield code="e">συγγραφέας</subfield>
   <subfield code="8">113</subfield>
  </datafield>
  <datafield tag="700" ind1="1" ind2=" ">
   <subfield code="a">Βλάχος, Αντώνιος,</subfield>
   <subfield code="e">συγγραφέας</subfield>
   <subfield code="8">114</subfield>
  </datafield>
  <datafield tag="700" ind1="1" ind2=" ">
   <subfield code="a">Βαρλάμης, Γεώργιος,</subfield>
   <subfield code="e">κριτικός αναγνώστης</subfield>
   <subfield code="8">115</subfield>
  </datafield>
  <datafield tag="856" ind1="4" ind2="0">
   <subfield code="u">http://hdl.handle.net/11419/304</subfield>
   <subfield code="z">Πλήρες Κείμενο - Full text</subfield>
  </datafield>
  <datafield tag="907" ind1=" " ind2=" ">
   <subfield code="a">.b25679934</subfield>
   <subfield code="b">12-06-18</subfield>
   <subfield code="c">29-07-16</subfield>
  </datafield>
  <datafield tag="949" ind1=" " ind2=" ">
   <subfield code="0">0</subfield>
   <subfield code="1">0</subfield>
   <subfield code="2">ddc</subfield>
   <subfield code="4">0</subfield>
   <subfield code="6">618_920000000000000_ΓΕΡ</subfield>
   <subfield code="7">0</subfield>
   <subfield code="8">KALL</subfield>
   <subfield code="8">752</subfield>
   <subfield code="d">2016-04-13</subfield>
   <subfield code="r">2016-04-13</subfield>
   <subfield code="w">2016-04-13</subfield>
   <subfield code="z">618.92 ΓΕΡ</subfield>
   <subfield code="o">SEAB KALLIPOS</subfield>
  </datafield>
  <datafield tag="998" ind1=" " ind2=" ">
   <subfield code="a">80</subfield>
   <subfield code="a">01</subfield>
   <subfield code="a">02</subfield>
   <subfield code="a">03</subfield>
   <subfield code="a">04</subfield>
   <subfield code="a">05</subfield>
   <subfield code="a">06</subfield>
   <subfield code="a">07</subfield>
   <subfield code="a">08</subfield>
   <subfield code="a">09</subfield>
   <subfield code="a">10</subfield>
   <subfield code="a">11</subfield>
   <subfield code="a">12</subfield>
   <subfield code="a">13</subfield>
   <subfield code="a">14</subfield>
   <subfield code="a">15</subfield>
   <subfield code="a">16</subfield>
   <subfield code="a">17</subfield>
   <subfield code="a">18</subfield>
   <subfield code="a">19</subfield>
   <subfield code="a">20</subfield>
   <subfield code="a">21</subfield>
   <subfield code="a">22</subfield>
   <subfield code="a">23</subfield>
   <subfield code="a">24</subfield>
   <subfield code="a">25</subfield>
   <subfield code="a">26</subfield>
   <subfield code="b">16-05-17</subfield>
   <subfield code="c">m</subfield>
   <subfield code="d">z  </subfield>
   <subfield code="e">-</subfield>
   <subfield code="f">gre</subfield>
   <subfield code="g">gr </subfield>
   <subfield code="h">0</subfield>
  </datafield>
  <datafield tag="942" ind1=" " ind2=" ">
   <subfield code="2">ddc</subfield>
   <subfield code="c">KALLIPOS</subfield>
  </datafield>
 </record>
</collection>
